Erdélyi János emlékezete

Bibliographic Details
Main Author: Gyüre, Lajos, 1931-2018 (Author)
Format: Article
Language:Hungarian
PhysicalDescription:Fotogr.
Subjects:

MARC

LEADER 00000nab a2200000 a 4500
001 vtls010636211
003 SK-MaSNL
005 20260318132518.0
008 141118|2014 xo m| | |00 0|hun
015 |a SNBRB2014/11  |2 kevkjb 
038 |a KEVKJB 
040 |a KEVKJB  |b slo  |c KEVKJB  |e AACR2 
041 0 |a hun 
044 |a xo  |c SK 
080 |a 82:929:821.511.141  |2 2001 
100 1 |a Gyüre, Lajos,  |d 1931-2018  |4 aut  |9 178874 
245 1 0 |a Erdélyi János emlékezete  |c Gyüre Lajos 
300 |b Fotogr. 
600 1 7 |a Erdéli, Ján,  |d 1814-1868  |2 kevkjb  |9 171885 
773 0 |t Kassai Figyelő  |g Évf. XII, sz. 4 (2014), o. 14-15 
852 |a KEVKJB  |b KIS3GCP 
958 |a HU 
958 |a BX 
958 |a NM 
999 |c 2130321  |d 2132251